[Event "13. Torneo Villa de Mondragón - Arrasat"]
[Site "Mondragón ESP"]
[Date "2013.12.26"]
[Round "1.1"]
[White "Manso Marquez, Felix"]
[Black "Franco Alonso, Alejandro"]
[Result "0-1"]
[WhiteElo "2084"]
[BlackElo "2485"]
[PlyCount "56"]
[EventDate "2013.12.26"]
[EventType "swiss"]
[EventRounds "6"]
[EventCountry "ESP"]
[Source "lmi"]
[SourceDate "2013.12.26"]

1. d4 Nf6 2. c4 e6 3. Nc3 Bb4 4. e3 b6 5. Nge2 c5 6. a3 Ba5 7. Rb1 Na6 8. Qa4
Bb7 9. b4 Bc6 10. b5 Be4 11. Rb2 Nb8 12. Bd2 Bb7 13. Qc2 O-O 14. dxc5 bxc5 15.
e4 a6 16. a4 axb5 17. axb5 d5 18. cxd5 exd5 19. exd5 Nxd5 20. Nxd5 Bxd5 21.
Bxa5 Rxa5 22. Qc3 Ra1+ 23. Nc1 Nd7 24. Rd2 Qf6 25. Qc2 Re8+ 26. Be2 Bxg2 27.
Rg1 Be4 28. Qc4 Nb6 0-1

[Event "13. Torneo Villa de Mondragón - Arrasat"]
[Site "Mondragón ESP"]
[Date "2013.12.26"]
[Round "1.2"]
[White "Iruzubieta Villaluenga, Jesus"]
[Black "Rodriguez Melendez, Juan Humbe"]
[Result "1-0"]
[WhiteElo "2412"]
[BlackElo "2060"]
[PlyCount "68"]
[EventDate "2013.12.26"]
[EventType "swiss"]
[EventRounds "6"]
[EventCountry "ESP"]
[Source "lmi"]
[SourceDate "2013.12.26"]

1. e4 c5 2. Nc3 a6 3. Nge2 d6 4. g3 Nc6 5. Bg2 g6 6. d3 Bg7 7. Bg5 Nf6 8. h3
O-O 9. Qd2 Nd4 10. Nxd4 cxd4 11. Ne2 Qb6 12. c4 dxc3 13. bxc3 Bd7 14. O-O Qa5
15. Rab1 Rab8 16. Be3 b5 17. f4 Qc7 18. g4 Bc6 19. f5 Rbc8 20. Bg5 Ba8 21. Rf2
Qc5 22. Rbf1 a5 23. Be3 Qc7 24. g5 Nd7 25. f6 exf6 26. gxf6 Bh8 27. Bd4 Rfe8
28. Qh6 Qd8 29. Ng3 Re6 30. Qg5 h6 31. Qxh6 Bxf6 32. Rxf6 Nxf6 33. Rxf6 Qxf6
34. Bxf6 Rxf6 1-0

[Event "13. Torneo Villa de Mondragón - Arrasat"]
[Site "Mondragón ESP"]
[Date "2013.12.26"]
[Round "1.3"]
[White "Hernando Casas, Jose Manuel"]
[Black "Ruiz Gomez, Alejandro"]
[Result "0-1"]
[WhiteElo "2007"]
[BlackElo "2409"]
[PlyCount "66"]
[EventDate "2013.12.26"]
[EventType "swiss"]
[EventRounds "6"]
[EventCountry "ESP"]
[Source "lmi"]
[SourceDate "2013.12.26"]

1. e4 c5 2. Nf3 Nc6 3. d4 cxd4 4. Nxd4 e5 5. Nb5 d6 6. c4 f5 7. N1c3 a6 8. Na3
Nf6 9. Bd3 f4 10. Nc2 g5 11. b3 Bg7 12. Qd2 O-O 13. Bb2 Be6 14. O-O-O Qb8 15.
Kb1 Bf7 16. Be2 Rd8 17. g3 b5 18. cxb5 axb5 19. f3 d5 20. exd5 b4 21. Nb5 Rxd5
22. Bd3 Rxb5 23. gxf4 Rba5 24. fxg5 Nd5 25. Bc4 Nc3+ 26. Bxc3 Bxc4 27. Bb2 Bf7
28. h4 Rxa2 29. h5 Rxb2+ 30. Kxb2 e4+ 31. Kc1 Qe5 32. Rde1 Qb2+ 33. Kd1 Rd8 0-1

[Event "13. Torneo Villa de Mondragón - Arrasat"]
[Site "Mondragón ESP"]
[Date "2013.12.26"]
[Round "1.4"]
[White "Rodriguez Fontecha, Marcos"]
[Black "Ausin Matilla, Daniel"]
[Result "1-0"]
[WhiteElo "2300"]
[BlackElo "1991"]
[PlyCount "51"]
[EventDate "2013.12.26"]
[EventType "swiss"]
[EventRounds "6"]
[EventCountry "ESP"]
[Source "lmi"]
[SourceDate "2013.12.26"]

1. d4 Nf6 2. Bf4 g6 3. e3 Bg7 4. Nf3 O-O 5. Be2 d6 6. O-O Nc6 7. c4 e5 8. dxe5
Ne4 9. Qc2 dxe5 10. Nxe5 Nxe5 11. Qxe4 Bf5 12. Qd5 Be6 13. Qb5 c6 14. Qb3 Nxc4
15. Bxc4 Bxc4 16. Qxc4 Bxb2 17. Nc3 Bxa1 18. Rxa1 b5 19. Qc5 Qb6 20. Qd6 Rfe8
21. Bh6 Re6 22. Qb4 Rae8 23. Qb2 f6 24. Qb3 Qc5 25. Rd1 Qh5 26. Rd8 1-0

[Event "13. Torneo Villa de Mondragón - Arrasat"]
[Site "Mondragón ESP"]
[Date "2013.12.26"]
[Round "1.5"]
[White "Montolio Benedicto, Cesar"]
[Black "Mate Adan, Carlos"]
[Result "1/2-1/2"]
[WhiteElo "1950"]
[BlackElo "2265"]
[PlyCount "201"]
[EventDate "2013.12.26"]
[EventType "swiss"]
[EventRounds "6"]
[EventCountry "ESP"]
[Source "lmi"]
[SourceDate "2013.12.26"]

1. e4 d5 2. exd5 Nf6 3. d4 Bg4 4. Be2 Bxe2 5. Qxe2 Qxd5 6. Nf3 e6 7. Nc3 Bb4 8.
Bd2 Bxc3 9. Bxc3 Nc6 10. O-O O-O 11. b3 Rfd8 12. Bb2 Qf5 13. c3 Rd7 14. Rfe1
Rad8 15. Ne5 Nxe5 16. Qxe5 Qd3 17. Re3 Qc2 18. Re2 Qg6 19. Qg3 Qf5 20. Qe5 Qxe5
21. Rxe5 Ng4 22. Re4 Nf6 23. Re5 c6 24. Rae1 Rd5 25. h3 Nd7 26. Rxd5 cxd5 27.
Kf1 Rc8 28. Ke2 Rc6 29. Kd3 Ra6 30. a4 Rb6 31. Kc2 f6 32. Re3 Kf7 33. Ba3 Rc6
34. Kd3 Rb6 35. Kc2 Ra6 36. Bb2 g6 37. Kd3 h6 38. Kc2 Rc6 39. Kd3 a6 40. Ba3
Rb6 41. Kc2 Rc6 42. Kd3 Rc8 43. Re1 h5 44. Re3 Nb8 45. Re1 Nc6 46. Bd6 Na5 47.
Kc2 Nc6 48. Kd3 Rd8 49. Bc7 Ra8 50. Ra1 g5 51. Bd6 Rd8 52. Bc7 Rd7 53. Bb6 Kg6
54. Re1 Re7 55. Bc5 Re8 56. c4 Kf7 57. cxd5 exd5 58. Rxe8 Kxe8 59. b4 b5 60.
axb5 axb5 61. g4 Kf7 62. gxh5 Kg7 63. Ke3 Kh6 64. f4 Kxh5 65. fxg5 fxg5 66. Kf3
Kh4 67. Kg2 g4 68. hxg4 Kxg4 69. Bd6 Nxd4 70. Kf2 Kf5 71. Ke3 Ke6 72. Bf8 Nc6
73. Kf4 Nb8 74. Bg7 Nd7 75. Ke3 Kd6 76. Kd4 Kc6 77. Bh6 Nb6 78. Bf8 Nc4 79. Be7
Nd6 80. Bf8 Nf5+ 81. Ke5 Nh4 82. Bc5 Nf3+ 83. Kf4 Ne1 84. Bf8 Nc2 85. Ke5 Na1
86. Be7 Nb3 87. Bf8 Nd2 88. Be7 Nf3+ 89. Kf4 Nd2 90. Ke5 Nc4+ 91. Kd4 Na3 92.
Bf8 Nc2+ 93. Ke5 Ne3 94. Kd4 Ng4 95. Bc5 Nf6 96. Bf8 Ng4 97. Be7 Nh6 98. Bf8
Nf5+ 99. Ke5 Ne3 100. Kd4 Nc2+ 101. Ke5 1/2-1/2

[Event "13. Torneo Villa de Mondragón - Arrasat"]
[Site "Mondragón ESP"]
[Date "2013.12.26"]
[Round "1.6"]
[White "Aguirre Canflanca, Josu"]
[Black "San Jose Madinabeitia, Iban"]
[Result "1-0"]
[WhiteElo "2205"]
[BlackElo "1762"]
[PlyCount "54"]
[EventDate "2013.12.26"]
[EventType "swiss"]
[EventRounds "6"]
[EventCountry "ESP"]
[Source "lmi"]
[SourceDate "2013.12.26"]

1. Nf3 Nf6 2. c4 d5 3. cxd5 Nxd5 4. d4 e6 5. e4 Bb4+ 6. Bd2 Bxd2+ 7. Qxd2 Nb6
8. Nc3 O-O 9. Be2 Qe7 10. O-O Rd8 11. Qf4 c6 12. Rad1 N8d7 13. Rfe1 Nf8 14. Qg3
Nbd7 15. Bf1 Nf6 16. e5 Nd5 17. Ne4 Ng6 18. h4 b5 19. h5 Ngf4 20. Qg4 Rf8 21.
g3 f5 22. exf6 Nxf6 23. Nxf6+ Rxf6 24. gxf4 e5 25. Qg3 Rxf4 26. Qxf4 Bb7 27.
Rxe5 Qd6 1-0

[Event "13. Torneo Villa de Mondragón - Arrasat"]
[Site "Mondragón ESP"]
[Date "2013.12.26"]
[Round "1.7"]
[White "Estefano Rilova, Fernando"]
[Black "Alcaide Luque, Aitor"]
[Result "0-1"]
[WhiteElo "1533"]
[BlackElo "2173"]
[PlyCount "60"]
[EventDate "2013.12.26"]
[EventType "swiss"]
[EventRounds "6"]
[EventCountry "ESP"]
[Source "lmi"]
[SourceDate "2013.12.26"]

1. e4 e6 2. d4 d5 3. Nc3 Nf6 4. e5 Nfd7 5. f4 c5 6. Nf3 Nc6 7. Be3 cxd4 8. Nxd4
Bc5 9. Qd2 O-O 10. Be2 a6 11. O-O Nxd4 12. Bxd4 Qb6 13. Bxc5 Qxc5+ 14. Kh1 f6
15. exf6 Nxf6 16. Rae1 Bd7 17. Bd3 Kh8 18. Re5 Rae8 19. Qe1 Bb5 20. Nxb5 axb5
21. Qh4 Qb4 22. b3 Ne4 23. Rh5 h6 24. Rxh6+ gxh6 25. Qxh6+ Kg8 26. Qg6+ Kh8 27.
Rf3 Qe1+ 28. Bf1 Qh4 29. Bd3 Rg8 30. Qf7 Re7 0-1

[Event "13. Torneo Villa de Mondragón - Arrasat"]
[Site "Mondragón ESP"]
[Date "2013.12.27"]
[Round "2.1"]
[White "Franco Alonso, Alejandro"]
[Black "Aguirre Canflanca, Josu"]
[Result "1-0"]
[WhiteElo "2485"]
[BlackElo "2205"]
[PlyCount "165"]
[EventDate "2013.12.26"]
[EventType "swiss"]
[EventRounds "6"]
[EventCountry "ESP"]
[Source "lmi"]
[SourceDate "2013.12.26"]

1. d4 Nf6 2. c4 g6 3. Nc3 Bg7 4. e4 d6 5. Nf3 O-O 6. Be2 e5 7. Be3 Qe7 8. d5
Ng4 9. Bg5 f6 10. Bh4 Na6 11. Nd2 Nh6 12. f3 Nf7 13. Bd3 Bh6 14. Qe2 Kh8 15. a3
Nc5 16. Bc2 a5 17. b3 Bg5 18. Bf2 Bd7 19. Rb1 Kg7 20. Nf1 h5 21. h4 Bh6 22. Ne3
Nd8 23. b4 axb4 24. axb4 Ra3 25. Ned1 Na4 26. Bxa4 Bxa4 27. Nxa4 Rxa4 28. Nc3
Ra3 29. Qb2 Ra8 30. Ke2 Nf7 31. Ra1 f5 32. Rxa8 Rxa8 33. Ra1 Rb8 34. Ra7 Kh7
35. Qc2 Qd7 36. c5 Nd8 37. Qa4 Qxa4 38. Rxa4 Bf8 39. Ra7 Kg8 40. Kd3 Rc8 41.
exf5 gxf5 42. g4 hxg4 43. fxg4 e4+ 44. Kc4 fxg4 45. Nxe4 Be7 46. Kd4 Kf7 47.
Bg3 dxc5+ 48. bxc5 Kg6 49. Ke5 Nf7+ 50. Ke6 Bf8 51. h5+ Kg7 52. Rxb7 Nd8+ 53.
Kd7 Nxb7 54. Kxc8 Nxc5 55. Nf2 Kh6 56. Nxg4+ Kxh5 57. Nf6+ Kg6 58. Nd7 Kf5 59.
Nxc5 Bxc5 60. Kxc7 Ke4 61. Kc6 Bf8 62. Bd6 Bh6 63. Be7 Bf4 64. Bd8 Bb8 65. Bb6
Be5 66. Bc5 Bf4 67. Bd6 Bh6 68. Bc7 Bf8 69. Bb6 Ke5 70. Bc5 Bh6 71. Be7 Bd2 72.
Bf8 Kf6 73. d6 Kf7 74. d7 Bg5 75. Bh6 Bd8 76. Kb7 Ke6 77. Kc8 Bh4 78. Bf4 Be7
79. Bc7 Bg5 80. Bd8 Be3 81. Bh4 Bb6 82. Bg3 Ke7 83. Bc7 1-0

[Event "13. Torneo Villa de Mondragón - Arrasat"]
[Site "Mondragón ESP"]
[Date "2013.12.27"]
[Round "2.3"]
[White "Ruiz Gomez, Alejandro"]
[Black "Tornay Gomez, Josu"]
[Result "1-0"]
[WhiteElo "2409"]
[BlackElo "2095"]
[PlyCount "65"]
[EventDate "2013.12.26"]
[EventType "swiss"]
[EventRounds "6"]
[EventCountry "ESP"]
[Source "lmi"]
[SourceDate "2013.12.26"]

1. e4 Nf6 2. e5 Nd5 3. c4 Nb6 4. a4 a5 5. c5 Nd5 6. Nc3 e6 7. d4 d6 8. cxd6
cxd6 9. Nf3 Nc6 10. Bb5 Ndb4 11. O-O Bd7 12. Ne4 d5 13. Bg5 Qb6 14. Ng3 h6 15.
Be3 O-O-O 16. Qd2 Kb8 17. Rfc1 Be7 18. Nh5 Rdg8 19. g4 f5 20. gxf5 exf5 21. e6
Be8 22. Ng3 Rf8 23. Ne5 g5 24. f4 Ka7 25. Kh1 g4 26. Ne2 Nb8 27. Bd7 Bxd7 28.
exd7 Bd8 29. Nc3 N8c6 30. Nb5+ Ka8 31. Nd6 Rh7 32. Rc5 Na7 33. Rc8+ 1-0

[Event "13. Torneo Villa de Mondragón - Arrasat"]
[Site "Mondragón ESP"]
[Date "2013.12.27"]
[Round "2.5"]
[White "Mate Adan, Carlos"]
[Black "Sanz Garcia, Ramon"]
[Result "1-0"]
[WhiteElo "2265"]
[BlackElo "1732"]
[PlyCount "75"]
[EventDate "2013.12.26"]
[EventType "swiss"]
[EventRounds "6"]
[EventCountry "ESP"]
[Source "lmi"]
[SourceDate "2013.12.26"]

1. e4 e5 2. d4 exd4 3. c3 Nc6 4. Nf3 d6 5. cxd4 Nf6 6. Nc3 Be7 7. Be2 O-O 8.
O-O Re8 9. d5 Nb8 10. Nd4 Bf8 11. Bb5 Bd7 12. Bxd7 Nbxd7 13. Re1 g6 14. Bg5 Bg7
15. Qd2 a6 16. Rad1 Qc8 17. Qf4 Nh5 18. Qh4 h6 19. Bc1 Qd8 20. Qh3 Nc5 21. f3
Kh7 22. g4 Nf6 23. Nce2 Ncd7 24. Qg3 Rh8 25. Kg2 Kg8 26. h3 Qe8 27. Nc3 Qd8 28.
f4 Nb6 29. a4 Kh7 30. a5 Nbd7 31. e5 dxe5 32. fxe5 Ng8 33. e6 Ndf6 34. exf7 Ne7
35. Ne6 Qd7 36. Qxc7 Bf8 37. Nxf8+ Rhxf8 38. Qxd7 1-0

[Event "13. Torneo Villa de Mondragón - Arrasat"]
[Site "Mondragón ESP"]
[Date "2013.12.27"]
[Round "2.6"]
[White "Ortega Fuentes, Luis Angel"]
[Black "Montolio Benedicto, Cesar"]
[Result "1-0"]
[WhiteElo "2086"]
[BlackElo "1950"]
[PlyCount "83"]
[EventDate "2013.12.26"]
[EventType "swiss"]
[EventRounds "6"]
[EventCountry "ESP"]
[Source "lmi"]
[SourceDate "2013.12.26"]

1. e4 e5 2. Nf3 Nc6 3. Bb5 a6 4. Bxc6 dxc6 5. Nc3 f6 6. d4 exd4 7. Nxd4 c5 8.
Nde2 Qxd1+ 9. Nxd1 Bd7 10. Bf4 O-O-O 11. Ne3 Bc6 12. f3 Ne7 13. Kf2 h5 14. h4
Ng6 15. Bg3 Ne5 16. Rad1 g6 17. Rxd8+ Kxd8 18. Rd1+ Kc8 19. Nd5 Bxd5 20. Bxe5
fxe5 21. Rxd5 Bd6 22. g3 c4 23. f4 exf4 24. Nxf4 Bxf4 25. gxf4 Rf8 26. Ke3 Rf6
27. e5 Rb6 28. Kd4 Rc6 29. Rc5 Rb6 30. Kc3 Kd7 31. Rxc4 Ke6 32. Rxc7 Kf5 33.
Rf7+ Kg4 34. Rf6 Rb5 35. e6 Rc5+ 36. Kd3 Rc8 37. e7 Re8 38. Rxg6+ Kxf4 39. Re6
Kf5 40. Re4 Kf6 41. Kd4 Kf7 42. Kd5 1-0

[Event "13. Torneo Villa de Mondragón - Arrasat"]
[Site "Mondragón ESP"]
[Date "2013.12.27"]
[Round "2.8"]
[White "San Jose Madinabeitia, Iban"]
[Black "Manso Marquez, Felix"]
[Result "1-0"]
[WhiteElo "1762"]
[BlackElo "2084"]
[PlyCount "137"]
[EventDate "2013.12.26"]
[EventType "swiss"]
[EventRounds "6"]
[EventCountry "ESP"]
[Source "lmi"]
[SourceDate "2013.12.26"]

1. d4 Nf6 2. c4 e6 3. Nf3 d5 4. Nc3 Bb4 5. Bg5 Nbd7 6. e3 c5 7. cxd5 exd5 8.
Bb5 Qa5 9. O-O Bxc3 10. Bxd7+ Nxd7 11. bxc3 O-O 12. Qd2 c4 13. Rfb1 Re8 14. Rb4
Nb6 15. a4 Bd7 16. Qc2 Bc6 17. Bf4 Nd7 18. Ne5 Nf6 19. Nxc6 bxc6 20. Rab1 Rac8
21. Bd6 Ne4 22. Bf4 a6 23. f3 c5 24. dxc5 Nxc5 25. Qf5 Qd8 26. Rd1 Nd3 27. Rb7
Qf6 28. Qxd5 Red8 29. Rd7 h6 30. Rxd8+ Qxd8 31. Qxd8+ Rxd8 32. a5 Rd5 33. Bc7
Rb5 34. Bb6 Rb3 35. Bd4 Ra3 36. g4 Rxa5 37. Kg2 Ra2+ 38. Kg3 a5 39. h4 a4 40.
Rb1 Nb2 41. Bc5 f6 42. f4 Kf7 43. f5 g6 44. e4 a3 45. fxg6+ Kxg6 46. h5+ Kf7
47. Rf1 Nd3 48. Bd4 Rb2 49. Rxf6+ Ke8 50. Rxh6 a2 51. Ra6 Nc1 52. h6 Ne2+ 53.
Kh3 Nf4+ 54. Kh4 Kf7 55. Kg5 Ne6+ 56. Kf5 Nxd4+ 57. cxd4 Rh2 58. Ra7+ Ke8 59.
Kg6 c3 60. h7 Rxh7 61. Rxa2 Rc7 62. Rc2 Rc4 63. Kf5 Rxd4 64. Rxc3 Ra4 65. Rc7
Ra6 66. e5 Ra1 67. g5 Rf1+ 68. Ke6 Kf8 69. g6 1-0

[Event "13. Torneo Villa de Mondragón - Arrasat"]
[Site "Mondragón ESP"]
[Date "2013.12.27"]
[Round "2.9"]
[White "Rodriguez Melendez, Juan Humbe"]
[Black "Estefano Rilova, Fernando"]
[Result "1-0"]
[WhiteElo "2060"]
[BlackElo "1533"]
[PlyCount "99"]
[EventDate "2013.12.26"]
[EventType "swiss"]
[EventRounds "6"]
[EventCountry "ESP"]
[Source "lmi"]
[SourceDate "2013.12.26"]

1. e4 c5 2. Nf3 e6 3. d4 cxd4 4. Nxd4 a6 5. c4 Qc7 6. Nc3 b6 7. Be2 Bb7 8. Be3
Be7 9. O-O Nf6 10. f3 d6 11. Qd2 Nbd7 12. Rfc1 O-O 13. Rab1 Rfd8 14. Bf1 Rac8
15. b4 Qb8 16. Qf2 Ne5 17. Na4 d5 18. exd5 exd5 19. Nf5 Bf8 20. Nxb6 Rc6 21. c5
Nfd7 22. Nxd5 Re6 23. Rd1 Rde8 24. Bf4 Bxd5 25. Rxd5 Rf6 26. Rxd7 Rxf5 27. Bg3
Qc8 28. Rdd1 Ng4 29. Qd2 Ne3 30. Re1 Nxf1 31. Rxf1 Be7 32. Rfe1 Rd8 33. Qe2 Bf6
34. Rbd1 Rf8 35. Qe4 Bg5 36. Rd5 Rxd5 37. Qxd5 Bf6 38. Qe4 Rd8 39. Bd6 h6 40.
h3 Qd7 41. Kh1 Qa4 42. Qc4 Rc8 43. Rc1 Bg5 44. f4 Bf6 45. c6 Bb2 46. Rc2 Ba3
47. c7 Qd7 48. Qxa6 Bxb4 49. Bxb4 Qd1+ 50. Kh2 1-0

[Event "13. Torneo Villa de Mondragón - Arrasat"]
[Site "Mondragón ESP"]
[Date "2013.12.28"]
[Round "3.1"]
[White "Rodriguez Fontecha, Marcos"]
[Black "Franco Alonso, Alejandro"]
[Result "0-1"]
[WhiteElo "2300"]
[BlackElo "2485"]
[PlyCount "108"]
[EventDate "2013.12.26"]
[EventType "swiss"]
[EventRounds "6"]
[EventCountry "ESP"]
[Source "lmi"]
[SourceDate "2013.12.26"]

1. d4 d5 2. Bf4 Nf6 3. e3 c5 4. c3 Nc6 5. Nd2 cxd4 6. exd4 Bf5 7. Ngf3 e6 8.
Ne5 Bd6 9. Bb5 Qc7 10. O-O O-O 11. Re1 Ng4 12. Bxc6 bxc6 13. h3 Nxe5 14. Bxe5
Bxe5 15. Rxe5 c5 16. Nb3 cxd4 17. cxd4 Bc2 18. Qc1 Qc4 19. Qe3 Bxb3 20. axb3
Qc2 21. Rc1 Qxb2 22. Kh2 Rab8 23. Rg5 g6 24. Rc7 Rxb3 25. Qf4 Rb7 26. Rc5 Rd7
27. Re5 Qb8 28. g3 Rc8 29. Rxc8+ Qxc8 30. h4 a5 31. h5 a4 32. Re3 Qf8 33. h6 a3
34. Re1 Ra7 35. Ra1 f6 36. Kg2 Kf7 37. Qc1 a2 38. Qc2 Qxh6 39. Rxa2 Rxa2 40.
Qxa2 Qf8 41. Qa7+ Qe7 42. Qa8 Kg7 43. Qc6 g5 44. f4 g4 45. Kf1 h5 46. f5 exf5
47. Qxd5 Qe4 48. Qd6 f4 49. gxf4 g3 50. Qc7+ Kg6 51. Qb8 Qf3+ 52. Ke1 Qf2+ 53.
Kd1 g2 54. f5+ Kxf5 0-1

[Event "13. Torneo Villa de Mondragón - Arrasat"]
[Site "Mondragón ESP"]
[Date "2013.12.28"]
[Round "3.2"]
[White "Iruzubieta Villaluenga, Jesus"]
[Black "Ruiz Gomez, Alejandro"]
[Result "1/2-1/2"]
[WhiteElo "2412"]
[BlackElo "2409"]
[PlyCount "82"]
[EventDate "2013.12.26"]
[EventType "swiss"]
[EventRounds "6"]
[EventCountry "ESP"]
[Source "lmi"]
[SourceDate "2013.12.26"]

1. c4 e5 2. Nc3 Nf6 3. Nf3 Nc6 4. e3 Bb4 5. Qc2 d6 6. a3 Bxc3 7. Qxc3 a5 8. b3
O-O 9. Be2 Re8 10. d3 h6 11. O-O Bg4 12. Bb2 Qe7 13. Rfe1 Nd8 14. b4 a4 15.
Rac1 b6 16. h3 Bh5 17. Ba1 Ne6 18. Qc2 Ng5 19. Nxg5 hxg5 20. g4 Bg6 21. Bf1 e4
22. dxe4 Bxe4 23. Qc3 Qf8 24. c5 bxc5 25. bxc5 Nd7 26. cxd6 cxd6 27. Bg2 Nc5
28. Rcd1 Bxg2 29. Kxg2 Rab8 30. Rd5 Rb3 31. Qc4 Re4 32. Qc2 Qa8 33. Red1 Re6
34. Kg1 Ne4 35. Qc4 Rxa3 36. Qd4 Nf6 37. Rxd6 Rxd6 38. Qxd6 Qf3 39. Bxf6 gxf6
40. Rc1 Ra2 41. Qg3 Qxg3+ 1/2-1/2

[Event "13. Torneo Villa de Mondragón - Arrasat"]
[Site "Mondragón ESP"]
[Date "2013.12.28"]
[Round "3.3"]
[White "Alcaide Luque, Aitor"]
[Black "Mate Adan, Carlos"]
[Result "1/2-1/2"]
[WhiteElo "2173"]
[BlackElo "2265"]
[PlyCount "66"]
[EventDate "2013.12.26"]
[EventType "swiss"]
[EventRounds "6"]
[EventCountry "ESP"]
[Source "lmi"]
[SourceDate "2013.12.26"]

1. d4 c5 2. d5 d6 3. Nc3 g6 4. e4 Bg7 5. Be2 Nf6 6. Nf3 O-O 7. O-O Na6 8. h3
Nc7 9. Re1 a6 10. a4 b6 11. Nd2 Rb8 12. Nc4 b5 13. axb5 Nxb5 14. Nxb5 axb5 15.
Na5 Bd7 16. Bf1 Ra8 17. Bd2 Ne8 18. Nc6 Bxc6 19. dxc6 Rxa1 20. Qxa1 Qb6 21. Qa5
Qxc6 22. Bxb5 Qb7 23. Bg5 Nf6 24. Qa6 Rb8 25. Qxb7 Rxb7 26. Bc4 h6 27. Bc1 Nd7
28. c3 Nb6 29. Bb3 Nd7 30. Bd5 Rb8 31. f4 Nb6 32. Bb3 e6 33. Rd1 Nc8 1/2-1/2

[Event "13. Torneo Villa de Mondragón - Arrasat"]
[Site "Mondragón ESP"]
[Date "2013.12.28"]
[Round "3.7"]
[White "Hernando Casas, Jose Manuel"]
[Black "Rodriguez Melendez, Juan Humbe"]
[Result "0-1"]
[WhiteElo "2007"]
[BlackElo "2060"]
[PlyCount "66"]
[EventDate "2013.12.26"]
[EventType "swiss"]
[EventRounds "6"]
[EventCountry "ESP"]
[Source "lmi"]
[SourceDate "2013.12.26"]

1. e4 c5 2. Nf3 d6 3. d4 cxd4 4. Nxd4 Nf6 5. Nc3 a6 6. Be2 e5 7. Nb3 Be7 8. O-O
O-O 9. Qd3 Be6 10. Be3 Nc6 11. Rad1 Rc8 12. a3 Na5 13. Nxa5 Qxa5 14. Nd5 Nxd5
15. exd5 Bd7 16. b4 Qd8 17. c4 f5 18. f3 f4 19. Bf2 Bh4 20. Rc1 Rf5 21. Qd2
Bxf2+ 22. Rxf2 Rh5 23. Bf1 Qh4 24. h3 Qg3 25. Kh1 Rg5 26. Bd3 Rf8 27. Rff1 Qh4
28. c5 Rg3 29. Rf2 Rf6 30. Bf1 Rfg6 31. c6 Bxh3 32. gxh3 Rg1+ 33. Kh2 Qg3# 0-1

[Event "13. Torneo Villa de Mondragón - Arrasat"]
[Site "Mondragón ESP"]
[Date "2013.12.28"]
[Round "3.8"]
[White "Sanz Garcia, Ramon"]
[Black "Montolio Benedicto, Cesar"]
[Result "0-1"]
[WhiteElo "1732"]
[BlackElo "1950"]
[PlyCount "28"]
[EventDate "2013.12.26"]
[EventType "swiss"]
[EventRounds "6"]
[EventCountry "ESP"]
[Source "lmi"]
[SourceDate "2013.12.26"]

1. e4 e5 2. Nf3 Nc6 3. Bb5 a6 4. Ba4 Nf6 5. O-O Nxe4 6. d4 exd4 7. Re1 d5 8.
Nxd4 Bd6 9. Nxc6 Bxh2+ 10. Kf1 Qh4 11. Ne5+ b5 12. Qf3 Bxe5 13. Bb3 Bg4 14. Qe3
Qh1# 0-1

[Event "13. Torneo Villa de Mondragón - Arrasat"]
[Site "Mondragón ESP"]
[Date "2013.12.28"]
[Round "3.10"]
[White "Estefano Rilova, Fernando"]
[Black "Ausin Matilla, Daniel"]
[Result "0-1"]
[WhiteElo "1533"]
[BlackElo "1991"]
[PlyCount "62"]
[EventDate "2013.12.26"]
[EventType "swiss"]
[EventRounds "6"]
[EventCountry "ESP"]
[Source "lmi"]
[SourceDate "2013.12.26"]

1. e4 c5 2. Nf3 e6 3. Nc3 a6 4. d4 cxd4 5. Nxd4 Nc6 6. Be3 Qc7 7. a3 Nf6 8. f3
Ne5 9. Qd2 b5 10. Bf4 Bb7 11. Be2 Rc8 12. O-O Nc4 13. Bxc4 Qxc4 14. Nb3 b4 15.
axb4 Bxb4 16. Be5 d5 17. Qg5 Be7 18. Ra4 Qc6 19. Kh1 h6 20. Qxg7 Rg8 21. Qxh6
Rg6 22. Qe3 dxe4 23. fxe4 Ng4 24. Qh3 Nxe5 25. Qh8+ Bf8 26. Qxe5 Bg7 27. Qf4
Rf6 28. Qc1 Rxf1+ 29. Qxf1 Bxc3 30. bxc3 Qxa4 31. h4 Qxe4 0-1

[Event "13. Torneo Villa de Mondragón - Arrasat"]
[Site "Mondragón ESP"]
[Date "2013.12.28"]
[Round "4.1"]
[White "Franco Alonso, Alejandro"]
[Black "Ruiz Gomez, Alejandro"]
[Result "1-0"]
[WhiteElo "2485"]
[BlackElo "2409"]
[PlyCount "69"]
[EventDate "2013.12.26"]
[EventType "swiss"]
[EventRounds "6"]
[EventCountry "ESP"]
[Source "lmi"]
[SourceDate "2013.12.26"]

1. d4 Nf6 2. c4 e6 3. Nc3 Bb4 4. e3 Ne4 5. Qc2 f5 6. Bd3 O-O 7. Nge2 Nc6 8. a3
Bxc3+ 9. Nxc3 Nxc3 10. Qxc3 Qf6 11. b4 e5 12. d5 Ne7 13. Bb2 d6 14. f4 e4 15.
Qxf6 gxf6 16. Be2 Bd7 17. Bc3 Kf7 18. Bh5+ Ng6 19. a4 Ke7 20. Kf2 Rfc8 21. Rhd1
c6 22. dxc6 bxc6 23. Be2 Be6 24. h3 Nf8 25. g4 Nd7 26. a5 d5 27. cxd5 cxd5 28.
Bd4 Kd6 29. Rdc1 Rxc1 30. Rxc1 a6 31. Kg3 Nb8 32. Bxf6 Nc6 33. Bc3 Ra7 34. g5
Rc7 35. Be5+ 1-0

[Event "13. Torneo Villa de Mondragón - Arrasat"]
[Site "Mondragón ESP"]
[Date "2013.12.28"]
[Round "4.2"]
[White "Tornay Gomez, Josu"]
[Black "Iruzubieta Villaluenga, Jesus"]
[Result "0-1"]
[WhiteElo "2095"]
[BlackElo "2412"]
[PlyCount "108"]
[EventDate "2013.12.26"]
[EventType "swiss"]
[EventRounds "6"]
[EventCountry "ESP"]
[Source "lmi"]
[SourceDate "2013.12.26"]

1. c4 e5 2. g3 Nc6 3. Nc3 f5 4. Nf3 d6 5. d4 Be7 6. dxe5 dxe5 7. Qxd8+ Bxd8 8.
Bg2 Nf6 9. O-O Be6 10. b3 Be7 11. Bb2 O-O-O 12. Ng5 Bg8 13. Rad1 h6 14. Rxd8+
Bxd8 15. Nf3 Bh7 16. Nd5 Re8 17. Rd1 e4 18. Ne1 Ne5 19. Nc2 Nxd5 20. Rxd5 Bf6
21. Ne3 c6 22. Rd1 h5 23. h4 Kc7 24. Ba3 Rd8 25. Rxd8 Kxd8 26. Bh3 g6 27. Ng2
Bg8 28. Nf4 b5 29. cxb5 cxb5 30. Bc5 a6 31. Kf1 Bf7 32. Ke1 Kc7 33. Kd2 a5 34.
Kc2 Kc6 35. Be3 b4 36. Kd2 a4 37. Kc2 Kb5 38. Bd2 Kc5 39. Be3+ Kd6 40. Bd2 Nc6
41. Bf1 axb3+ 42. axb3 Nd4+ 43. Kb1 Kc5 44. Be3 Bxb3 45. Nxg6 Bc2+ 46. Kb2 b3
47. Nf4 Kd6 48. Bxd4 Bxd4+ 49. Kc1 Bxf2 50. Nxh5 Kc5 51. Bh3 Kc4 52. Nf4 Bxg3
53. e3 Bxf4 54. exf4 Kc3 0-1

[Event "13. Torneo Villa de Mondragón - Arrasat"]
[Site "Mondragón ESP"]
[Date "2013.12.28"]
[Round "4.3"]
[White "Ortega Fuentes, Luis Angel"]
[Black "Rodriguez Fontecha, Marcos"]
[Result "1/2-1/2"]
[WhiteElo "2086"]
[BlackElo "2300"]
[PlyCount "58"]
[EventDate "2013.12.26"]
[EventType "swiss"]
[EventRounds "6"]
[EventCountry "ESP"]
[Source "lmi"]
[SourceDate "2013.12.26"]

1. Nf3 d5 2. d4 Nc6 3. e3 Bg4 4. Be2 e6 5. Nbd2 Nge7 6. h3 Bxf3 7. Nxf3 Ng6 8.
O-O f5 9. c4 Qf6 10. cxd5 exd5 11. Bb5 O-O-O 12. Qa4 Rd6 13. Bd2 Kb8 14. Rac1
Nd8 15. Qc2 Ne6 16. Bd3 f4 17. Bf5 Rc6 18. Qb1 Rxc1 19. Bxc1 Bd6 20. Bxg6 hxg6
21. Ne5 Bxe5 22. dxe5 Qxe5 23. exf4 Qf5 24. Qxf5 gxf5 25. Re1 Nc5 26. Be3 Ne4
27. Bd4 Rg8 28. f3 Nd6 29. Re5 Kc8 1/2-1/2